[Event "4NCL Division One"]
[Site "Daventry, ENG"]
[Date "2024.05.04"]
[EventDate "2024.05.04"]
[Round "9.51"]
[White "Williams, Simon K"]
[WhiteTitle "GM"]
[WhiteElo "2467"]
[WhiteTeam "Cheddleton"]
[Black "Olson, Hamish"]
[BlackTitle "FM"]
[BlackElo "2362"]
[BlackTeam "Alba"]
[Result "0-1"]

1. Nf3 d5 2. e3 Nf6 3. c4 e6 4. b3 Bd6 5. Bb2 O-O 6. Nc3 a6 7. Be2 b6 8. Qc2
Bb7 9. g4 Nbd7 10. g5 Ne4 11. cxd5 exd5 12. Nxe4 dxe4 13. Qc3 f6 14. gxf6 Nxf6
15. Nd4 Be5 16. Rg1 Kh8 17. Qc2 Qd7 18. Rg5 Rae8 19. Ne6 Rxe6 20. Rxe5 Rc6 21.
Bc3 Nd5 22. Qxe4 Nxc3 23. dxc3 Rg6 24. Qxb7 Rg1+ 25. Bf1 Qd3 0-1

[Event "4NCL Division One"]
[Site "Daventry, ENG"]
[Date "2024.05.04"]
[EventDate "2024.05.04"]
[Round "9.52"]
[White "Waldhausen Gordon, Frederick"]
[WhiteTitle "FM"]
[WhiteElo "2362"]
[WhiteTeam "Alba"]
[Black "Clarke, Brandon G I"]
[BlackTitle "IM"]
[BlackElo "2490"]
[BlackTeam "Cheddleton"]
[Result "1/2-1/2"]

1. d4 Nf6 2. c4 g6 3. Nc3 d5 4. Nf3 Bg7 5. Qb3 dxc4 6. Qxc4 O-O 7. e4 Nc6 8.
Be2 e5 9. d5 Nd4 10. Nxd4 exd4 11. Qxd4 c6 12. Qc4 b5 13. Qxc6 Bd7 14. Qd6 Re8
15. e5 b4 16. Qxb4 Rxe5 17. O-O a5 18. Qh4 Nxd5 19. Qxd8+ Rxd8 20. Nxd5 Rxd5
21. Bf3 Rd3 22. Be2 Rd5 23. Bf3 Rd3 24. Be2 Rd5 1/2-1/2

[Event "4NCL Division One"]
[Site "Daventry, ENG"]
[Date "2024.05.04"]
[EventDate "2024.05.04"]
[Round "9.53"]
[White "Boswell, Jacob Connor"]
[WhiteElo "2331"]
[WhiteTeam "Cheddleton"]
[Black "Gourlay, Iain"]
[BlackTitle "FM"]
[BlackElo "2307"]
[BlackTeam "Alba"]
[Result "1/2-1/2"]

1. d4 d5 2. c4 e6 3. Nf3 Nf6 4. Nc3 Be7 5. Bf4 O-O 6. e3 b6 7. Bd3 Ba6 8. cxd5
Nxd5 9. Nxd5 Qxd5 10. O-O Rc8 11. e4 Qb7 12. Re1 Bxd3 13. Qxd3 Nd7 14. Rad1 Nf6
15. Qc2 c6 16. Bg5 h6 17. Bh4 Rd8 18. a3 Rac8 19. b4 c5 20. bxc5 bxc5 21. Bxf6
Bxf6 22. dxc5 Rxd1 23. Rxd1 Be7 24. g3 Bxc5 25. a4 Bb6 26. Qb1 Qc6 27. Qb4 Qc4
28. Qe1 Qxa4 29. Qe2 Rc2 30. Rd2 Rxd2 31. Qxd2 Qxe4 32. Kg2 Qd5 33. Qf4 g5 34.
Qg4 f5 35. Qh5 g4 36. Qe8+ Kg7 37. Qe7+ Kg8 1/2-1/2

[Event "4NCL Division One"]
[Site "Daventry, ENG"]
[Date "2024.05.04"]
[EventDate "2024.05.04"]
[Round "9.54"]
[White "Berry, Neil"]
[WhiteTitle "FM"]
[WhiteElo "2248"]
[WhiteTeam "Alba"]
[Black "Kirk, Ezra"]
[BlackTitle "IM"]
[BlackElo "2402"]
[BlackTeam "Cheddleton"]
[Result "0-1"]

1. d4 Nf6 2. c4 g6 3. Nf3 Bg7 4. g3 O-O 5. Bg2 d6 6. Nc3 Nc6 7. d5 Na5 8. b3 c5
9. Bb2 a6 10. O-O Rb8 11. Nd2 b5 12. Qc1 bxc4 13. bxc4 e6 14. Rb1 Re8 15. e3
Ng4 16. Ba1 Rxb1 17. Qxb1 Ne5 18. Rd1 Naxc4 19. Nxc4 Nxc4 20. dxe6 Bxe6 21. Ne4
Qe7 22. Bxg7 Kxg7 23. Qa1+ f6 24. Nc3 Ne5 25. Nd5 Bxd5 26. Bxd5 Rb8 27. Qc3 Rb6
28. h4 Qd7 29. Qa5 Qb5 30. Qd2 Qa4 31. Kg2 Qa3 32. Be4 Rb2 33. Qe1 Ng4 34. Rxd6
Nxf2 35. Rd7+ Kh6 36. Qxf2 Rxf2+ 37. Kxf2 Qxa2+ 38. Kf3 Qa1 39. Kf2 Qe5 40. Bf3
a5 41. Rd5 Qb2+ 42. Kg1 a4 0-1

[Event "4NCL Division One"]
[Site "Daventry, ENG"]
[Date "2024.05.04"]
[EventDate "2024.05.04"]
[Round "9.55"]
[White "Pert, Richard G"]
[WhiteTitle "IM"]
[WhiteElo "2411"]
[WhiteTeam "Cheddleton"]
[Black "Shafi, Declan"]
[BlackElo "2226"]
[BlackTeam "Alba"]
[Result "1-0"]

1. d4 Nf6 2. c4 g6 3. Nc3 d5 4. cxd5 Nxd5 5. e4 Nxc3 6. bxc3 Bg7 7. Bc4 c5 8.
Ne2 O-O 9. O-O Nc6 10. Be3 Bg4 11. f3 Bd7 12. Rb1 Qc7 13. Bd3 Rfd8 14. Qd2 Be8
15. d5 Ne5 16. c4 Rac8 17. Rfc1 e6 18. Nf4 Qe7 19. Bf1 Nc6 20. Ne2 e5 21. Qb2
Nd4 22. Qxb7 Rc7 23. Qa6 f5 24. Qa5 Rdc8 25. Rb2 Qh4 26. Qe1 Qf6 27. Rcb1 f4
28. Bf2 g5 29. Nxd4 exd4 30. e5 Qf5 31. e6 Bf8 32. Rb3 Bd6 33. Bd3 Qf6 34. h3
Kg7 35. R1b2 Qd8 36. Qb1 h6 37. Qe1 Qf6 38. Rb7 Bg6 39. Qb1 Bxd3 40. Qxd3 Rxb7
41. Rxb7+ Rc7 42. Rxc7+ Bxc7 43. Qa3 Bb6 44. Qa4 Qe7 45. Be1 Qd8 46. Qc6 Qe7
47. Bd2 Kf6 48. Qa8 Qd8 49. Qb7 Qc7 50. Qa8 Qd8 51. Qc6 Qe7 52. Kf1 Bd8 53. Ke2
Bb6 54. a4 Bd8 55. a5 Bc7 56. a6 Bb6 57. Qb7 Qc7 58. d6 Qg7 59. e7 Qg8 60. Qe4
Qe8 61. h4 gxh4 62. Bxf4 Kf7 63. Qf5+ Kg7 64. Bxh6+ 1-0

[Event "4NCL Division One"]
[Site "Daventry, ENG"]
[Date "2024.05.04"]
[EventDate "2024.05.04"]
[Round "9.56"]
[White "McKay, Roderick M"]
[WhiteTitle "IM"]
[WhiteElo "2181"]
[WhiteTeam "Alba"]
[Black "Arkell, Keith C"]
[BlackTitle "GM"]
[BlackElo "2362"]
[BlackTeam "Cheddleton"]
[Result "0-1"]

1. e4 c6 2. d4 d5 3. exd5 cxd5 4. c4 Nf6 5. Nc3 g6 6. cxd5 Nxd5 7. Bc4 Nb6 8.
Bb3 Bg7 9. Nf3 O-O 10. O-O Bg4 11. h3 Bxf3 12. Qxf3 Nc6 13. Rd1 Nxd4 14. Qxb7
Qd7 15. Qxd7 Nxd7 16. Be3 Nxb3 17. axb3 Nb6 18. Ra2 Rfb8 19. Nb5 e6 20. Nc7 Rd8
21. Rc1 Rab8 22. Rxa7 Bxb2 23. Rc6 Nc8 24. Ra5 Ne7 25. Rb6 Rbc8 26. Rb7 Rd1+
27. Kh2 Rd7 0-1

[Event "4NCL Division One"]
[Site "Daventry, ENG"]
[Date "2024.05.04"]
[EventDate "2024.05.04"]
[Round "9.61"]
[White "Claridge-Hansen, William"]
[WhiteTitle "FM"]
[WhiteElo "2360"]
[WhiteTeam "Oxford 1"]
[Black "Cherniaev, Alexander"]
[BlackTitle "GM"]
[BlackElo "2407"]
[BlackTeam "Barnet Knights A"]
[Result "1-0"]

1. d4 c5 2. d5 e5 3. e4 d6 4. Bb5+ Nd7 5. a4 Be7 6. Nf3 Ngf6 7. Nc3 O-O 8. h3
Ne8 9. O-O Kh8 10. Bd3 Ndf6 11. Kh2 g6 12. Bh6 Ng7 13. Nd2 Ng8 14. Be3 f5 15.
exf5 gxf5 16. f4 e4 17. Be2 Bf6 18. Nc4 Bxc3 19. bxc3 Nf6 20. Bc1 h5 21. g3 Kg8
22. Ne3 Kf7 23. c4 Rh8 24. Bb2 Bd7 25. Bc3 Qc7 26. Rg1 Rh6 27. Ra3 Rah8 28. Qa1
Bc8 29. Rb3 Qe7 30. Be1 Rg6 31. Rg2 Rg8 32. Bf2 Nge8 33. Kg1 Kf8 34. Qd1 Qh7
35. Qf1 R6g7 36. Be1 Qh6 37. Qf2 h4 38. gxh4 Rxg2+ 39. Nxg2 Nh5 40. Bxh5 Qxh5
41. Rg3 Rxg3 42. Qxg3 Bd7 43. a5 Nf6 44. Bc3 Qd1+ 45. Kh2 Nh5 46. Qg6 1-0

[Event "4NCL Division One"]
[Site "Daventry, ENG"]
[Date "2024.05.04"]
[EventDate "2024.05.04"]
[Round "9.66"]
[White "Mirzoeva, Elmira"]
[WhiteTitle "WGM"]
[WhiteElo "2252"]
[WhiteTeam "Barnet Knights A"]
[Black "Hansen, Hans-Peter"]
[BlackElo "2167"]
[BlackTeam "Oxford 1"]
[Result "1/2-1/2"]

1. d4 Nf6 2. c4 e6 3. Nf3 d5 4. Nc3 Be7 5. Bg5 O-O 6. e3 b6 7. Rc1 Bb7 8. cxd5
Nxd5 9. Nxd5 exd5 10. Bxe7 Qxe7 11. Qc2 c5 12. Bd3 g6 13. dxc5 Rc8 14. b4 a5
15. b5 Rxc5 16. Qb2 Nd7 17. O-O Rac8 18. h3 f6 19. Rfd1 Ne5 20. Be2 Nc4 21. Qd4
Ne5 22. Rxc5 Rxc5 23. Nd2 Nd7 24. Nb3 Rc2 25. Bf3 Qe5 26. Bxd5+ Bxd5 27. Qxd5+
Qxd5 28. Rxd5 Ne5 29. Rd2 Rc3 30. f4 Nd3 31. Nd4 Nb4 32. e4 Ra3 33. Nc6 Rxa2
34. Rd8+ Kf7 35. Rb8 Nxc6 36. bxc6 Rc2 37. Rxb6 a4 38. Rb7+ Ke6 39. Rxh7 Rxc6
40. Ra7 Rc4 41. Ra6+ Kf7 42. e5 Rxf4 43. exf6 Rxf6 44. Rxa4 Rb6 45. Kf2 Rb3 46.
Rf4+ Kg7 47. Rf3 Rb2+ 48. Kg3 g5 49. Ra3 Kg6 50. Kf3 Rb4 51. Ra6+ Kf5 52. Ra5+
Kg6 53. Re5 Rf4+ 54. Kg3 Ra4 55. Kf3 Rf4+ 56. Ke3 Ra4 57. Rd5 Ra2 58. Rd2 Ra4
59. g3 Kf5 60. Rd5+ Kf6 61. Kf3 Rb4 62. Ra5 Kg6 63. Re5 g4+ 64. hxg4 Rb1 65. g5
Rb3+ 66. Kg4 Rb4+ 67. Kh3 Ra4 68. Rb5 Rc4 69. g4 Rc1 70. Ra5 Rb1 71. Kh4 Rh1+
72. Kg3 Rb1 73. Rf5 Ra1 74. Re5 Rb1 75. Kf4 Rf1+ 76. Kg3 Ra1 77. Rf5 Rb1 78.
Kf4 Rb4+ 79. Kf3 Rb1 80. Rf4 Rb3+ 81. Kg2 Kxg5 82. Ra4 Rc3 83. Rb4 1/2-1/2

[Event "4NCL Division One"]
[Site "Daventry, ENG"]
[Date "2024.05.04"]
[EventDate "2024.05.04"]
[Round "9.68"]
[White "Josse, Mark"]
[WhiteTitle "CM"]
[WhiteElo "2261"]
[WhiteTeam "Barnet Knights A"]
[Black "Hariharan, Shambavi"]
[BlackElo "1975"]
[BlackTeam "Oxford 1"]
[Result "1/2-1/2"]

1. c4 c6 2. d4 d5 3. Nf3 Nf6 4. Nc3 e6 5. cxd5 cxd5 6. Bg5 Nc6 7. e3 Be7 8. Bd3
h6 9. Bh4 Qb6 10. O-O Bd7 11. a3 Nh5 12. Na4 Qd8 13. Bxe7 Nxe7 14. Nc5 Bc6 15.
Ne5 Nf6 16. b4 Rb8 17. Rc1 O-O 18. Nxc6 bxc6 19. Nb3 Qd6 20. Na5 Nd7 21. Bc2 e5
22. Ba4 Rfc8 23. dxe5 Nxe5 24. Qd4 Nd7 25. Qd3 Ne5 26. Qc3 Nd7 27. Nb3 Nb6 28.
Nc5 Ng6 29. Rfd1 Nf8 30. Bc2 Nbd7 31. Bf5 g6 32. Bg4 f5 33. Be2 Nxc5 34. Qxc5
Qxc5 35. Rxc5 Ne6 36. Ra5 Rc7 37. g3 Kf7 38. Rc1 Ke7 39. h4 Kd6 40. Kf1 g5 41.
hxg5 hxg5 42. Kg2 Rh8 43. Rh1 Rxh1 44. Kxh1 f4 45. Bg4 fxe3 46. fxe3 Ke5 47.
Kg2 Nd8 48. Kf3 Nf7 49. Bh5 Nd6 50. Bg6 Nc4 51. Ra6 Kd6 52. Bd3 Ne5+ 1/2-1/2

﻿

[Event "4NCL Division Two"]
[Site "Daventry, ENG"]
[Date "2024.05.05"]
[EventDate "2024.05.05"]
[Round "10.13"]
[White "Blackburn, Jonathan L B"]
[WhiteTitle "FM"]
[WhiteElo "2296"]
[WhiteTeam "The Audible Checks"]
[Black "Li, Henry"]
[BlackTitle "FM"]
[BlackElo "2288"]
[BlackTeam "Gonzaga"]
[Result "0-1"]

1. d4 Nf6 2. c4 g6 3. Nc3 Bg7 4. e4 d6 5. Be2 O-O 6. Nf3 e5 7. d5 Na6 8. h3 Nc5
9. Qc2 a5 10. Be3 Ne8 11. g4 c6 12. O-O-O Na6 13. Qb3 cxd5 14. cxd5 Nc5 15. Qc2 b6
16. Kb1 Nc7 17. Rdg1 Bd7 18. h4 Qb8 19. h5 b5 20. Bxc5 dxc5 21. Nd1 c4 22. Ne3 Qb6
23. g5 Na6 24. Rh2 a4 25. Rgh1 a3 26. hxg6 fxg6 27. Rxh7 axb2 28. Qxb2 Qd6 29. Rxg7+
Kxg7 30. Nxe5 c3 31. Qxc3 Qb4+ 32. Qxb4 Nxb4 33. Nxd7 Rxf2 34. Bxb5 Rfxa2 35. Rh6
R8a3 36. Bc4 Rd2 37. Rh3 Nc2 38. Nf1 Rf2 39. Rh4 Rc3 40. Kb2 Rxc4 41. Kb3 Rc7 42.
Nf6 Nd4+ 43. Ka3 Rf3+ 44. Ka4 Rc4+ 45. Ka5 Ra3+ 46. Kb6 Rb3+ 47. Ka6 Ra4# 0-1

[Event "4NCL Division Two"]
[Site "Daventry, ENG"]
[Date "2024.05.05"]
[EventDate "2024.05.05"]
[Round "10.14"]
[White "Wall, Gavin"]
[WhiteTitle "IM"]
[WhiteElo "2281"]
[WhiteTeam "Gonzaga"]
[Black "Rees, Ioan"]
[BlackTitle "FM"]
[BlackElo "2277"]
[BlackTeam "The Audible Checks"]
[Result "0-1"]

1. e4 e5 2. Nf3 Nc6 3. Bc4 Bc5 4. c3 Nf6 5. d3 a6 6. O-O d6 7. a4 h6 8. Re1 Ba7
9. Nbd2 Be6 10. Bxe6 fxe6 11. Nb3 O-O 12. d4 Qe8 13. Be3 Ng4 14. h3 Nxe3 15. Rxe3
Qg6 16. Qd3 Rf7 17. Nh2 Raf8 18. Rg3 Qh5 19. Nf3 Rf4 20. Rf1 Kh8 21. d5 exd5 22.
Qxd5 g5 23. Nbd2 g4 24. hxg4 Rxg4 25. Rxg4 Qxg4 26. b4 Nd8 27. Kh1 h5 28. Qd3 Rg8
29. g3 h4 30. Nh2 Qh3 31. Qf3 hxg3 32. fxg3 Rxg3 33. Qf6+ Kh7 34. Qf5+ Qxf5 35. exf5
d5 36. Ndf3 Nf7 37. Rd1 e4 38. Nd4 Rxc3 39. Ne6 c6 40. Ng4 Nh6 41. Ng5+ Kg7 42. f6+
Kg6 43. Nxh6 Kxg5 44. Rf1 Bb8 45. Nf7+ Kg6 46. Nd8 Rf3 47. Rxf3 exf3 48. Nxb7 Kxf6
49. Na5 d4 0-1

[Event "4NCL Division Two"]
[Site "Daventry, ENG"]
[Date "2024.05.05"]
[EventDate "2024.05.05"]
[Round "10.21"]
[White "Makkar, Rajat"]
[WhiteTitle "IM"]
[WhiteElo "2452"]
[WhiteTeam "The Sharks 2"]
[Black "Taylor, Martin R"]
[BlackTitle "FM"]
[BlackElo "2365"]
[BlackTeam "Barbican 4NCL"]
[Result "1/2-1/2"]

1. e4 e5 2. Nf3 Nc6 3. Bc4 Be7 4. d4 exd4 5. Nxd4 d6 6. Nc3 Nf6 7. O-O O-O 8. Bf4
Nd7 9. Bxf7+ Rxf7 10. Ne6 Qe8 11. Nxc7 Qd8 12. Nxa8 Rxf4 13. Nc7 Nb6 14. N7d5 Rh4
15. Nxb6 Qxb6 16. Qd5+ Kf8 17. b3 Ne5 18. Rae1 Ng4 19. h3 Nf6 20. Qd3 Bd7 21. Re3
Rh5 22. Rfe1 Bc6 23. Qe2 Re5 24. Qd3 Qc5 25. Kh1 g5 26. Nd1 b5 27. c4 bxc4 28. bxc4
Bd8 29. f3 Nh5 1/2-1/2

[Event "4NCL Division Two"]
[Site "Daventry, ENG"]
[Date "2024.05.05"]
[EventDate "2024.05.05"]
[Round "10.22"]
[White "Merry, Alan B"]
[WhiteTitle "IM"]
[WhiteElo "2438"]
[WhiteTeam "Barbican 4NCL"]
[Black "Rendle, Thomas E"]
[BlackTitle "IM"]
[BlackElo "2427"]
[BlackTeam "The Sharks 2"]
[Result "1/2-1/2"]

1. d4 d5 2. c4 c6 3. e3 Nf6 4. Nc3 e6 5. Nf3 Nbd7 6. Qc2 Bd6 7. b3 O-O 8. Be2 b6
9. O-O Bb7 10. Rd1 Qe7 11. Bb2 Rfd8 12. Rac1 Rac8 13. g3 c5 14. cxd5 exd5 15. Qb1
a6 16. a4 Qf8 17. Bf1 g6 18. Bg2 Qh6 19. dxc5 bxc5 20. Nh4 Qh5 21. Qd3 Be5 22. Bf3
Qh6 23. Qe2 Qg7 24. Rc2 Nf8 25. Bg2 Ne4 26. Nb1 Bxb2 1/2-1/2

[Event "4NCL Division Two"]
[Site "Daventry, ENG"]
[Date "2024.05.05"]
[EventDate "2024.05.05"]
[Round "10.23"]
[White "Bremner, Adam"]
[WhiteTitle "CM"]
[WhiteElo "2276"]
[WhiteTeam "The Sharks 2"]
[Black "Pigott, John C"]
[BlackTitle "IM"]
[BlackElo "2298"]
[BlackTeam "Barbican 4NCL"]
[Result "1-0"]

1. d4 Nf6 2. c4 e6 3. Nf3 d5 4. Nc3 c5 5. cxd5 Nxd5 6. e4 Nxc3 7. bxc3 cxd4 8. cxd4
Bb4+ 9. Bd2 Bxd2+ 10. Qxd2 O-O 11. Bc4 Nd7 12. O-O b6 13. Rad1 Bb7 14. Rfe1 Rc8 15.
Bb3 Re8 16. h3 Qf6 17. Re3 Qf4 18. Qe2 Nf6 19. d5 exd5 20. exd5 Rxe3 21. fxe3 Qb4
22. d6 Qc5 23. Rd4 b5 24. Qe1 Rd8 25. Qg3 Ne4 26. Qh4 g5 27. Qh5 Rd7 28. Qg4 Qc1+
29. Kh2 Qxe3 30. Rxe4 Bxe4 31. Qxd7 Qf4+ 32. Kh1 Bxf3 33. Qc8+ Kg7 34. Qc3+ 1-0

[Event "4NCL Division Two"]
[Site "Daventry, ENG"]
[Date "2024.05.05"]
[EventDate "2024.05.05"]
[Round "10.24"]
[White "Rogers, Jonathan W"]
[WhiteTitle "FM"]
[WhiteElo "2332"]
[WhiteTeam "Barbican 4NCL"]
[Black "Foisor, Mihaela-Veronica"]
[BlackTitle "WIM"]
[BlackElo "2205"]
[BlackTeam "The Sharks 2"]
[Result "1-0"]

1. d4 d5 2. Nf3 Nf6 3. Bf4 Bf5 4. e3 e6 5. Ne5 h6 6. Nd2 Bd6 7. c4 c6 8. Qb3 b6
9. Rc1 O-O 10. Be2 Bxe5 11. Bxe5 Nbd7 12. Bd6 Re8 13. cxd5 cxd5 14. Ba6 e5 15. O-O
exd4 16. exd4 Re6 17. Qa3 Ne8 18. Bg3 Qf6 19. Bb7 Rd8 20. Bxd5 Re2 21. Nf3 Bg4 22.
h3 Bxf3 23. Bxf3 Rd2 24. Rfd1 Rxd4 25. Rxd4 Qxd4 26. Rd1 Qf6 27. Qxa7 Ne5 28. Rxd8
Nxf3+ 29. gxf3 Qxd8 30. Kg2 f5 31. Qa4 Nf6 32. Qc6 Qd5 33. Qxb6 Qxa2 34. Be5 Kf7
35. Bxf6 gxf6 36. b4 Ke7 37. b5 Qg8+ 38. Kh2 Qd5 39. Qe3+ Kd7 40. Qxh6 Qxf3 41. Qd2+
Kc7 42. Qd4 f4 43. Qc5+ Kb7 44. Qc6+ Qxc6 45. bxc6+ Kxc6 46. Kg2 Kd5 47. Kf3 Ke5
48. Kg4 Ke4 49. h4 f5+ 50. Kg5 f3 51. h5 Kd3 52. h6 Ke2 53. h7 Kxf2 54. h8=Q Kg1
55. Qh3 f2 56. Qg3+ Kf1 57. Kf4 Ke2 58. Qe3+ Kf1 59. Kf3 1-0

[Event "4NCL Division Two"]
[Site "Daventry, ENG"]
[Date "2024.05.05"]
[EventDate "2024.05.05"]
[Round "10.31"]
[White "Larkin, Vladyslav"]
[WhiteTitle "IM"]
[WhiteElo "2446"]
[WhiteTeam "CSC/Kingston 1"]
[Black "Mestel, A Jonathan"]
[BlackTitle "GM"]
[BlackElo "2472"]
[BlackTeam "The ADs"]
[Result "1-0"]

1. d4 Nf6 2. Bf4 d6 3. Nf3 g6 4. h3 Bg7 5. c3 O-O 6. Nbd2 c5 7. dxc5 dxc5 8. e4
Nc6 9. Bc4 Nd7 10. O-O Nde5 11. Nxe5 Nxe5 12. Bxe5 Bxe5 13. f4 Bg7 14. a4 Bd7 15.
Qe2 Qb6 16. Nf3 Rad8 17. Rf2 Be6 18. f5 Bxc4 19. Qxc4 gxf5 20. exf5 Qd6 21. Re1 Bf6
22. Qg4+ Kh8 23. Ng5 Rd7 24. h4 Bxg5 25. hxg5 Rg8 26. Qh4 e6 27. g6 fxg6 28. fxe6
Qe7 29. Qh3 Qe8 30. Qe3 Re7 31. Qxc5 h5 32. Qd4+ Kh7 33. Qxa7 Rxe6 34. Qxb7+ Rg7
35. Rxe6 Qxe6 36. Qf3 Qb6 37. b4 Re7 38. Kh2 h4 39. Qf6 1-0

[Event "4NCL Division Two"]
[Site "Daventry, ENG"]
[Date "2024.05.05"]
[EventDate "2024.05.05"]
[Round "10.32"]
[White "Roe, Simon J"]
[WhiteElo "2263"]
[WhiteTeam "The ADs"]
[Black "Maycock Bates, David Henry"]
[BlackTitle "CM"]
[BlackElo "2266"]
[BlackTeam "CSC/Kingston 1"]
[Result "0-1"]

1. c4 Nf6 2. Nf3 e6 3. g3 d5 4. Bg2 Be7 5. O-O O-O 6. b3 d4 7. e3 c5 8. Ne5 Nfd7
9. exd4 cxd4 10. Nxd7 Nxd7 11. d3 Nc5 12. Ba3 Qc7 13. Re1 a5 14. Bxc5 Bxc5 15. Nd2
a4 16. bxa4 Bd7 17. Qb3 Rxa4 18. Ne4 Be7 19. Rab1 Bc6 20. c5 Rfa8 21. Qb2 h6 22.
Rec1 Qe5 23. f4 Qf5 24. Qf2 Rxa2 25. Qxd4 Rd8 26. Qe3 Rxg2+ 27. Kxg2 Rxd3 0-1

[Event "4NCL Division Two"]
[Site "Daventry, ENG"]
[Date "2024.05.05"]
[EventDate "2024.05.05"]
[Round "10.33"]
[White "Bezuidenhout, Roland"]
[WhiteTitle "FM"]
[WhiteElo "2273"]
[WhiteTeam "CSC/Kingston 1"]
[Black "Bradbury, Neil H"]
[BlackTitle "IM"]
[BlackElo "2274"]
[BlackTeam "The ADs"]
[Result "1-0"]

1. Nf3 Nf6 2. b3 d5 3. Bb2 c5 4. e3 Nc6 5. Bb5 Bd7 6. O-O e6 7. d4 a6 8. Bd3 Rc8
9. a3 cxd4 10. exd4 g6 11. c4 Bg7 12. Nbd2 O-O 13. Re1 Nh5 14. Bf1 Re8 15. c5 f5
16. b4 Nf6 17. Ne5 Ne4 18. Nxc6 Bxc6 19. a4 Ra8 20. Nb3 f4 21. f3 Ng3 22. Nc1 Nxf1
23. Kxf1 b6 24. Nd3 bxc5 25. bxc5 Rb8 26. Bc3 Qc7 27. Qc2 Bd7 28. Ne5 Bxe5 29. Rxe5
Qb7 30. Ke1 Qb3 31. Qxb3 Rxb3 32. Kd2 Kf7 33. Kc2 Reb8 34. h4 h6 35. Ree1 Kf6 36.
Ra2 g5 37. hxg5+ hxg5 38. Ba5 R3b7 39. Bb6 Rg8 40. Kc3 g4 41. fxg4 Rxg4 42. Rae2
Kf7 43. Rf2 Bxa4 44. Kb4 Bb5 45. g3 Rxg3 46. Rxf4+ Ke7 47. Rh4 Rg7 48. Rh6 Bd7 49.
Ka5 Bc8 50. c6 Rb8 51. Bc5+ Kd8 52. Bd6 Rb5+ 53. Ka4 Rg8 54. Rg1 1-0

[Event "4NCL Division Two"]
[Site "Daventry, ENG"]
[Date "2024.05.05"]
[EventDate "2024.05.05"]
[Round "10.48"]
[White "Korchagina, Polina"]
[WhiteElo "1545"]
[WhiteTeam "Anglian Avengers"]
[Black "Velayutham, Sivanandan"]
[BlackElo "1500"]
[BlackTeam "Cambridge University 2"]
[Result "1-0"]

1. e4 c6 2. d4 d5 3. exd5 cxd5 4. Bd3 Nf6 5. h3 b6 6. Nf3 Ba6 7. Bxa6 Nxa6 8. c3
e6 9. Qa4+ Nd7 10. Qxa6 Bd6 11. O-O O-O 12. Qd3 g6 13. Bh6 Re8 14. Nbd2 Bf8 15. Qe3
Bg7 16. Rfe1 Rc8 17. Bxg7 Kxg7 18. Ne5 Nxe5 19. Qxe5+ Qf6 20. Qxf6+ Kxf6 21. Nf3
Re7 22. Ne5 h5 23. h4 Kg7 24. Re3 f6 25. Nf3 Rce8 26. Rae1 Kf7 27. Nd2 e5 28. dxe5
Rxe5 29. Rxe5 Rxe5 30. Rxe5 fxe5 31. f3 Ke6 32. Kf2 Kd6 33. Ke3 Kc5 34. Nb3+ Kc4
35. g4 a5 36. gxh5 gxh5 37. f4 exf4+ 38. Kxf4 Kd3 39. Nd4 Kc4 40. Kg5 b5 41. Kxh5
b4 42. Kg6 bxc3 43. bxc3 Kxc3 44. h5 1-0

[Event "4NCL Division Two"]
[Site "Daventry, ENG"]
[Date "2024.05.05"]
[EventDate "2024.05.05"]
[Round "10.51"]
[White "Grant, David J"]
[WhiteElo "2184"]
[WhiteTeam "Sussex Martlets 1"]
[Black "Bisby, Daniel L"]
[BlackTitle "FM"]
[BlackElo "2277"]
[BlackTeam "Cambridge University 1"]
[Result "0-1"]

1. e4 d6 2. d4 g6 3. Nf3 Bg7 4. Bc4 e6 5. Qe2 Ne7 6. O-O a6 7. a4 b6 8. Bb3 Nd7 9. c3 Bb7 10. Bf4 h6 11. Nbd2 g5 12. Bg3 Ng6 13. Qe3 Qe7 14. e5 dxe5 15. Nxe5 Ndxe5 16. dxe5 h5 17. h3 g4 18. hxg4 hxg4 19. Ne4 Bxe5 20. Bxe5 Nxe5 21. Ng5 Qxg5 22. Qxg5 Nf3+ 23. gxf3 Bxf3 24. Qg8+ Rxg8 25. Kh2 Rh8+ 26. Kg3 e5 0-1

[Event "4NCL Division Two"]
[Site "Daventry, ENG"]
[Date "2024.05.05"]
[EventDate "2024.05.05"]
[Round "10.52"]
[White "Gallagher, Daniel GH"]
[WhiteElo "2211"]
[WhiteTeam "Cambridge University 1"]
[Black "Brewer, Callum D"]
[BlackElo "2155"]
[BlackTeam "Sussex Martlets 1"]
[Result "1-0"]

1. e4 c6 2. Nf3 d5 3. Nc3 dxe4 4. Nxe4 Nf6 5. Qe2 Nxe4 6. Qxe4 Qa5 7. Qf4 Qf5 8. d3 f6 9. Qe3 c5 10. d4 cxd4 11. Nxd4 Qc5 12. Nb5 Qxe3+ 13. Bxe3 Na6 14. Bxa7 Bf5 15. O-O-O Rc8 16. Nd4 Bg6 17. Bb5+ Kf7 18. Bd7 Ra8 19. Be6+ Ke8 20. Bb6 Nb4 21. Nb5 Na6 22. Rd4 1-0

[Event "4NCL Division Two"]
[Site "Daventry, ENG"]
[Date "2024.05.05"]
[EventDate "2024.05.05"]
[Round "10.53"]
[White "Willson, Ollie"]
[WhiteElo "2151"]
[WhiteTeam "Sussex Martlets 1"]
[Black "McClement, Andrew"]
[BlackElo "2185"]
[BlackTeam "Cambridge University 1"]
[Result "0-1"]

1. d4 Nf6 2. c4 e6 3. Nf3 b6 4. g3 Ba6 5. Qc2 Bb7 6. Bg2 c5 7. O-O Nc6 8. e3 Be7 9. b3 cxd4 10. exd4 d5 11. Rd1 O-O 12. Bb2 Rc8 13. Nbd2 Na5 14. Ne5 Ba6 15. Rac1 Bb4 16. Bc3 Qd6 17. Bf1 Rfd8 18. Bxb4 Qxb4 19. Nd3 Qe7 20. c5 Ne4 21. b4 Nc6 22. Qb2 Qf6 23. Nxe4 dxe4 24. Ne5 Bxf1 25. Nxc6 Rxc6 26. Rxf1 h5 27. Qc3 h4 28. Qe3 hxg3 29. hxg3 Qf5 30. Kg2 Qd5 31. a4 Rcc8 32. Kg1 f6 33. Rfe1 f5 34. Red1 Qa2 35. cxb6 axb6 36. Rxc8 Rxc8 37. d5 Qxa4 38. Rb1 exd5 39. Qxb6 Qd7 40. Rd1 f4 41. Qd4 Rd8 42. Qe5 fxg3 43. fxg3 Qd6 44. Qxd6 Rxd6 45. b5 Kf7 46. Ra1 Rb6 47. Ra7+ Kf8 48. Kf2 Rxb5 49. Ke3 Rb3+ 50. Kf4 e3 51. Ra2 Rd3 52. g4 d4 53. Kf3 Rd2 54. Ra8+ Kf7 55. Ra7+ Kg6 56. Ra6+ Kh7 57. Re6 e2 58. Kf4 d3 59. g5 Rd1 60. g6+ Kh6 61. Kf5 Rf1+ 62. Kg4 d2 63. Re5 e1=Q 0-1

[Event "4NCL Division Two"]
[Site "Daventry, ENG"]
[Date "2024.05.05"]
[EventDate "2024.05.05"]
[Round "10.54"]
[White "Hill, Alistair"]
[WhiteElo "2113"]
[WhiteTeam "Cambridge University 1"]
[Black "Graham, David B"]
[BlackElo "2233"]
[BlackTeam "Sussex Martlets 1"]
[Result "1/2-1/2"]

1. d4 Nf6 2. c4 g6 3. Nc3 Bg7 4. e4 d6 5. Be2 O-O 6. Nf3 e5 7. O-O Nc6 8. d5 Ne7 9. b4 Nh5 10. Re1 f5 11. a4 Nf6 12. a5 fxe4 13. Ng5 Nf5 14. Ncxe4 Nxe4 15. Nxe4 Bh6 16. c5 Bxc1 17. Rxc1 Nd4 18. cxd6 cxd6 19. Bg4 Bf5 20. Bxf5 gxf5 21. Nd2 Rc8 22. Qh5 Qe8 23. Qxe8 Rfxe8 24. Rc4 Rxc4 25. Nxc4 Nb5 26. f4 Rc8 27. Ne3 Nd4 28. fxe5 1/2-1/2

[Event "4NCL Division Two"]
[Site "Daventry, ENG"]
[Date "2024.05.05"]
[EventDate "2024.05.05"]
[Round "10.55"]
[White "Bucher, Grant W"]
[WhiteElo "2113"]
[WhiteTeam "Sussex Martlets 1"]
[Black "Sivanandan, Bodhana"]
[BlackTitle "WCM"]
[BlackElo "2065"]
[BlackTeam "Cambridge University 1"]
[Result "1-0"]

1. e4 c6 2. Nf3 d5 3. Nc3 dxe4 4. Nxe4 Nf6 5. Qe2 Nxe4 6. Qxe4 Nd7 7. d4 Nf6 8. Qf4 g6 9. Bd3 Bg7 10. O-O O-O 11. Ne5 Nd5 12. Qd2 c5 13. Bc4 cxd4 14. Qxd4 Be6 15. Qe4 Qd6 16. Nd3 Rac8 17. Bb3 Rfd8 18. Rd1 Bf5 19. Qf3 e5 20. Nf4 e4 21. Rxd5 exf3 22. Rxd6 Rxd6 23. c3 Be4 24. gxf3 Bxf3 25. Be3 b6 26. a4 Rcd8 27. Ng2 Be5 28. Ne1 Bd5 29. Bc2 f5 30. Nd3 Be4 31. Bb3+ Bd5 32. c4 Bxb2 33. Nxb2 Bf7 34. a5 bxa5 35. c5 Ra6 36. Bxf7+ Kxf7 37. Ra4 Ke6 38. Nc4 Rd1+ 39. Kg2 Rb1 40. Rxa5 Rxa5 41. Nxa5 Kd7 42. c6+ Kc7 43. Bf4+ Kc8 44. c7 Rb4 45. Be5 Rb6 46. f4 Ra6 47. Nc4 Rc6 48. Ne3 Rc5 49. Kf2 a5 50. Ke2 h6 51. Kd3 a4 52. Kd4 Rc6 53. Nd5 Kd7 54. c8=Q+ Kxc8 55. Ne7+ Kd7 56. Nxc6 Kxc6 57. Bg7 h5 58. h4 a3 59. Kc3 Kd5 60. Kb3 g5 61. fxg5 f4 62. Bc3 f3 63. Be1 Ke5 64. Kxa3 Kf5 65. Kb3 Ke5 66. Kc3 Kf5 67. Kd3 Ke5 68. Ke3 Kf5 69. Kxf3 Ke5 70. Bg3+ Kf5 71. Bf4 Kg6 72. Ke4 Kg7 73. Kf5 Kf7 74. Be5 Kf8 75. Kg6 Kg8 76. Bc3 Kf8 77. Kh7 Kf7 78. g6+ Ke6 79. g7 Kf5 80. g8=Q Kf4 81. Qg5+ Kf3 82. Qxh5+ Kg3 83. Qf5 Kxh4 84. Be1# 1-0